Score 0/18 Timer 02:00
0 Plays Today
Clue 5-Letter Word % Correct
Debra Messing TV show: 'Will & ___'GRACE
96.4%
An 18-wheeler or semiTRUCK
95.8%
Anthony LaPaglia TV Show: 'Without a ___'TRACE
94.4%
It's called a boot in BritainTRUNK
93.9%
CeasefireTRUCE
90.9%
Adam Sandler Movie: 'Punch ___ Love'DRUNK
88.7%
Will Smith movie: 'Enemy of the ___'STATE
86%
Lost flavorSTALE
81.2%
Roofing stoneSLATE
79.3%
Clue 5-Letter Word % Correct
Forage grassGRAZE
74.2%
Storage boxCRATE
72%
Mania; fadCRAZE
70.8%
Sandra Bullock Movie: 'All About ___'STEVE
63.9%
Steven Seagal movie: 'Under ___'SIEGE
63.2%
Liquid draining meshSIEVE
60.6%
Commemorative carved stone pillarSTELE
50.9%
Food location at a mealPLATE
47.9%
To idly talk or chatterPRATE
39.5%

Today's Daily Dose

Missing Word
I Hardly Know Her!

Word Ladder
Sentence Ending

Quick Pick
Female Firsts

Get the Picture
Triathlon Sports

Remove Ads.
Support Sporcle.
Get the best of Sporcle when you Go Orange. This ad-free experience offers more features, more stats, and more fun while also helping to support Sporcle. Thank you for becoming a member.

You're not logged in!

Compare scores with friends on all Sporcle quizzes.
OR
Log In

Show Comments

Extras

Top Quizzes Today


Score Distribution

Your Account Isn't Verified!

In order to create a playlist on Sporcle, you need to verify the email address you used during registration. Go to your Sporcle Settings to finish the process.

Report this User

Report this user for behavior that violates our Community Guidelines.

Details: